[Event "European Blitz 2015"]
[Site "Minsk BLR"]
[Date "2015.12.18"]
[Round "2.36"]
[White "Cherepov, Alexej"]
[Black "Huzman, Alexander"]
[Result "1-0"]
[BlackTitle "GM"]
[WhiteElo "2174"]
[BlackElo "2581"]
[WhiteFideId "13503650"]
[BlackFideId "2803828"]
[EventDate "2015.12.18"]
[EventType "swiss (blitz)"]

1. e4 c5 2. Nf3 Nc6 3. d4 cxd4 4. Nxd4 Nf6 5. Nc3 e5 6. Ndb5 h6 7. Be3 d6 8. a4
a6 9. Na3 Be6 10. Bc4 Be7 11. O-O O-O 12. Qe2 Qd7 13. Rfd1 Ng4 14. Bxe6 Qxe6 15.
Nd5 Nxe3 16. Qxe3 Rac8 17. c3 Bg5 18. Qe2 Ne7 19. Nxe7+ Bxe7 20. Nc2 f5 21. exf5
Qxf5 22. Ne3 Qf7 23. Nd5 Rc5 24. c4 Bh4 25. f3 Qf5 26. a5 Qe6 27. b3 Re8 28. Nc3
Bf6 29. Ne4 Rc6 30. Rd5 Rd8 31. Rad1 Be7 32. Qd3 Qd7 33. b4 Qc7 34. c5 Rc8 35.
Nxd6 Bxd6 36. Rxd6 Rxd6 37. Qxd6 Qxd6 38. Rxd6 Rc7 39. Kf2 Kf7 40. Ke3 Ke7 41.
Ke4 1-0

[Event "European Blitz 2015"]
[Site "Minsk BLR"]
[Date "2015.12.18"]
[Round "2.37"]
[White "Dzhumagaliev, Yan"]
[Black "Eidelson, Rakhil"]
[Result "1-0"]
[WhiteTitle "FM"]
[BlackTitle "WGM"]
[WhiteElo "2400"]
[BlackElo "2106"]
[WhiteFideId "24100110"]
[BlackFideId "13500210"]
[EventDate "2015.12.18"]
[EventType "swiss (blitz)"]

1. d4 d5 2. c4 c6 3. Nc3 Nf6 4. e3 e6 5. Nf3 Nbd7 6. Bd3 dxc4 7. Bxc4 b5 8. Bd3
b4 9. Ne4 Nxe4 10. Bxe4 Bb7 11. Qc2 Rc8 12. O-O Bd6 13. Rd1 f5 14. Bd3 c5 15.
Qb3 Qf6 16. Bb5 a6 17. Bxd7+ Kxd7 18. Ne5+ Ke7 19. Nc4 Qg6 20. f3 Bxf3 21. Qc2
cxd4 22. Rxd4 Bd5 23. b3 Qh6 24. Qf2 Qxh2+ 25. Kf1 Bg3 26. Qg1 Qxg1+ 27. Kxg1
Rhd8 28. Bb2 e5 29. Rdd1 Bxc4 30. bxc4 Rxd1+ 31. Rxd1 Rxc4 32. Bc1 1-0

[Event "European Blitz 2015"]
[Site "Minsk BLR"]
[Date "2015.12.18"]
[Round "2.38"]
[White "Zubritskiy, Artyom"]
[Black "Valov, Ilya"]
[Result "1-0"]
[WhiteTitle "FM"]
[BlackTitle "FM"]
[WhiteElo "2422"]
[BlackElo "2228"]
[WhiteFideId "4181247"]
[BlackFideId "4199251"]
[EventDate "2015.12.18"]
[EventType "swiss (blitz)"]

1. d4 Nf6 2. Nf3 e6 3. c4 d5 4. g3 Be7 5. Bg2 O-O 6. O-O b6 7. cxd5 Nxd5 8. e4
Nf6 9. Nc3 Bb7 10. Re1 Nbd7 11. Bf4 c5 12. d5 exd5 13. exd5 Re8 14. Qd2 h6 15.
Rad1 Rc8 16. Nh4 Bf8 17. Nf5 Rxe1+ 18. Rxe1 Nh5 19. d6 Bxg2 20. Ne7+ Bxe7 21.
dxe7 Qe8 22. Kxg2 Nxf4+ 23. Qxf4 Nf6 24. Qd6 Rc6 25. Qd8 Rc8 26. Qd3 Qc6+ 27.
Qf3 Qe8 28. Qb7 Ra8 29. Nb5 Rb8 30. Qa6 Qc6+ 31. Kg1 Re8 32. a4 Nd5 33. Qxa7 f6
34. Nc3 Nxc3 35. bxc3 Kf7 1-0

[Event "European Blitz 2015"]
[Site "Minsk BLR"]
[Date "2015.12.18"]
[Round "2.39"]
[White "Zelenko, Pavel"]
[Black "Kovalev, Vladislav"]
[Result "0-1"]
[BlackTitle "GM"]
[WhiteElo "2164"]
[BlackElo "2546"]
[WhiteFideId "13503952"]
[BlackFideId "13504398"]
[EventDate "2015.12.18"]
[EventType "swiss (blitz)"]

1. e4 c5 2. Nf3 d6 3. d4 cxd4 4. Nxd4 Nf6 5. Nc3 a6 6. Be3 Ng4 7. Bc1 Nf6 8. Be3
e5 9. Nb3 Be6 10. f3 h5 11. Qd2 Nbd7 12. O-O-O b5 13. Kb1 Be7 14. Nd5 Bxd5 15.
exd5 Nb6 16. Bxb6 Qxb6 17. Qa5 Bd8 18. Qxb6 Bxb6 19. Bd3 Ke7 20. Be4 g6 21. Nd2
Rac8 22. Rc1 Be3 23. Rhd1 Nd7 24. c4 Bxd2 25. Rxd2 bxc4 26. Rdc2 Nb6 27. b3 f5
28. bxc4 fxe4 29. c5 dxc5 30. Rxc5 Rxc5 31. Rxc5 Rc8 32. Rxc8 Nxc8 33. fxe4 Nd6 0-1

[Event "European Blitz 2015"]
[Site "Minsk BLR"]
[Date "2015.12.18"]
[Round "2.40"]
[White "Rozum, Ivan"]
[Black "Vashchilov, Sergey"]
[Result "1-0"]
[WhiteTitle "GM"]
[WhiteElo "2559"]
[BlackElo "2157"]
[WhiteFideId "24104272"]
[BlackFideId "13506676"]
[EventDate "2015.12.18"]
[EventType "swiss (blitz)"]

1. d4 Nf6 2. c4 c5 3. d5 e6 4. Nc3 exd5 5. cxd5 d6 6. Nf3 g6 7. Bf4 a6 8. a4 Bg7
9. h3 O-O 10. e3 Bf5 11. Qb3 Qc7 12. Nd2 Rd8 13. Be2 Nbd7 14. g4 g5 15. Bxg5 Bg6
16. Bf4 Ne5 17. O-O Nd3 18. Bg3 Rac8 19. Nc4 Ne5 20. Nb6 Rb8 21. a5 Ne4 22. Nxe4
Bxe4 23. f3 Bg6 24. f4 Nd7 25. f5 Re8 26. fxg6 hxg6 27. Bf4 Ne5 28. Rac1 Qe7 29.
g5 f6 30. h4 Kf7 31. Nc4 Rh8 32. Nxe5+ dxe5 33. d6+ Qe6 34. Bc4 Rbe8 35. d7 Re7
36. Bxe5 Rxh4 37. Bxe6+ Rxe6 38. d8=N+ 1-0

[Event "European Blitz 2015"]
[Site "Minsk BLR"]
[Date "2015.12.18"]
[Round "2.41"]
[White "Arshaev, Ajush"]
[Black "Aleksandrov, Aleksej"]
[Result "1/2-1/2"]
[BlackTitle "GM"]
[WhiteElo "2152"]
[BlackElo "2615"]
[WhiteFideId "4107780"]
[BlackFideId "13500139"]
[EventDate "2015.12.18"]
[EventType "swiss (blitz)"]

1. e4 e5 2. Nf3 Nc6 3. Bb5 g6 4. O-O Bg7 5. c3 a6 6. Ba4 d6 7. d4 Bd7 8. h3 b5
9. Bc2 exd4 10. Nxd4 Nf6 11. Be3 O-O 12. Nd2 Re8 13. Re1 Ne5 14. f4 Nc4 15. Nxc4
bxc4 16. Bf2 Qb8 17. Rb1 Qb7 18. Qe2 c5 19. Nf3 Bc6 20. Nd2 d5 21. e5 Nh5 22.
Qf3 f6 23. g4 Nxf4 24. Qxf4 fxe5 25. Qg3 e4 26. Bxc5 Be5 27. Qg2 Rad8 28. Be3
Bb8 29. Nf1 Qc7 30. Qh2 Qf7 31. Qg2 Qc7 32. Re2 Rf8 33. Rf2 Rxf2 34. Bxf2 d4 35.
Bxe4 Bxe4 36. Qxe4 d3 37. Bg3 Qb6+ 38. Bf2 Qc7 39. Bg3 Qc5+ 40. Bf2 Qc7 41. Bg3
Qc5+ 42. Bf2 Qc7 1/2-1/2

[Event "European Blitz 2015"]
[Site "Minsk BLR"]
[Date "2015.12.18"]
[Round "2.42"]
[White "Mikhalevski, Victor"]
[Black "Belova, Olga"]
[Result "1/2-1/2"]
[WhiteTitle "GM"]
[BlackTitle "WFM"]
[WhiteElo "2535"]
[BlackElo "2006"]
[WhiteFideId "2801914"]
[BlackFideId "4138422"]
[EventDate "2015.12.18"]
[EventType "swiss (blitz)"]

1. d4 d5 2. c4 e6 3. Nf3 Nf6 4. g3 Bb4+ 5. Bd2 Be7 6. Bg2 O-O 7. O-O Nbd7 8. Qc2
c6 9. Rd1 Re8 10. Bf4 Nf8 11. Ne5 Bd6 12. Nd2 Nh5 13. Be3 Bxe5 14. dxe5 g6 15.
Bh6 Ng7 16. e4 Bd7 17. c5 Qe7 18. f4 Bc8 19. Rac1 Qd8 1/2-1/2

[Event "European Blitz 2015"]
[Site "Minsk BLR"]
[Date "2015.12.18"]
[Round "2.44"]
[White "Shtembuliak, Evgeny"]
[Black "Pugachev, Artem"]
[Result "1-0"]
[WhiteTitle "FM"]
[WhiteElo "2420"]
[BlackElo "2215"]
[WhiteFideId "14113325"]
[BlackFideId "24169668"]
[EventDate "2015.12.18"]
[EventType "swiss (blitz)"]

1. d4 Nf6 2. c4 g6 3. g3 d5 4. cxd5 Nxd5 5. Bg2 Bg7 6. Nc3 Nb6 7. e3 O-O 8. Nge2
e5 9. O-O exd4 10. Nxd4 c6 11. Qc2 N8d7 12. Rd1 Qe7 13. e4 Ne5 14. h3 Be6 15. f4
Nec4 16. b3 Nd6 17. Ba3 Rfd8 18. e5 Nd5 19. exd6 Qf6 20. Nxd5 Bxd5 21. Bxd5 cxd5
22. Rac1 Bf8 23. Nb5 a6 24. Nc7 Rac8 25. Nxd5 Qe6 26. Qg2 Rxc1 27. Rxc1 Bxd6 28.
Bb2 Be7 29. Nxe7+ Qxe7 30. Kh2 Qe3 31. Rc2 h5 32. Re2 Qb6 33. Qe4 Qb5 34. Qe5
Qxe5 35. Bxe5 Re8 36. Rd2 1-0

[Event "European Blitz 2015"]
[Site "Minsk BLR"]
[Date "2015.12.18"]
[Round "2.47"]
[White "Stetsko, Lanita"]
[Black "Sharafiev, Azat"]
[Result "0-1"]
[WhiteTitle "FM"]
[BlackTitle "IM"]
[WhiteElo "2257"]
[BlackElo "2420"]
[WhiteFideId "13505300"]
[BlackFideId "4186214"]
[EventDate "2015.12.18"]
[EventType "swiss (blitz)"]

1. e4 c5 2. Nf3 e6 3. d4 cxd4 4. Nxd4 a6 5. Nc3 b5 6. a3 Bb7 7. Be2 Nf6 8. Bf3
Qc7 9. O-O Nc6 10. Re1 Ne5 11. Bf4 Bd6 12. Ndxb5 axb5 13. Nxb5 Nxf3+ 14. gxf3
Bxf4 15. Nxc7+ Bxc7 16. b4 O-O 17. c4 d6 18. a4 h6 19. a5 Rfd8 20. Qe2 Nd7 21.
Ra2 Ne5 22. Rea1 d5 23. b5 dxc4 24. b6 Bd6 25. a6 Bc6 26. b7 Ra7 27. Qe3 Bb8 28.
Rb1 Rd3 29. Qe2 Nxf3+ 30. Kg2 Nd4 31. Qb2 Bxe4+ 32. Kg1 c3 33. Qb6 Nf3+ 34. Kf1
Nd2+ 35. Kg1 Nxb1 36. Qxb1 Rg3+ 0-1

[Event "European Blitz 2015"]
[Site "Minsk BLR"]
[Date "2015.12.18"]
[Round "3.2"]
[White "Uzhva, Andrey"]
[Black "Mamedov, Rauf"]
[Result "1-0"]
[WhiteTitle "FM"]
[BlackTitle "GM"]
[WhiteElo "2253"]
[BlackElo "2650"]
[WhiteFideId "4160797"]
[BlackFideId "13401653"]
[EventDate "2015.12.18"]
[EventType "swiss (blitz)"]

1. d4 d6 2. Nf3 g6 3. g3 Bg7 4. c4 Nd7 5. Bg2 e5 6. Nc3 exd4 7. Nxd4 Ngf6 8. O-O
O-O 9. h3 a6 10. e4 Rb8 11. Be3 Re8 12. Qc2 Ne5 13. b3 c5 14. Nde2 b5 15. cxb5
axb5 16. Rfd1 b4 17. Nd5 Nxd5 18. Rxd5 Bb7 19. Rdd1 Qe7 20. Rac1 Rbc8 21. Nf4 c4
22. Nd5 Bxd5 23. Rxd5 c3 24. Bd4 Ra8 25. a4 bxa3 26. Qxc3 Qe6 27. Qb4 Nd3 28.
Qd2 Nxc1 29. Qxc1 Bxd4 30. Rxd4 Qxb3 31. e5 Qb2 32. Rd1 Rac8 33. Qa1 Rxe5 1-0

[Event "European Blitz 2015"]
[Site "Minsk BLR"]
[Date "2015.12.18"]
[Round "3.3"]
[White "Smirin, Ilia"]
[Black "Andrejevs, Arvids"]
[Result "1-0"]
[WhiteTitle "GM"]
[WhiteElo "2658"]
[BlackElo "2275"]
[WhiteFideId "2801990"]
[BlackFideId "11602708"]
[EventDate "2015.12.18"]
[EventType "swiss (blitz)"]

1. e4 e5 2. Nf3 Nc6 3. Bb5 Nf6 4. d3 d6 5. O-O Be7 6. c3 O-O 7. Re1 h6 8. d4 Bg4
9. Bxc6 bxc6 10. dxe5 Bxf3 11. Qxf3 dxe5 12. Nd2 Qd7 13. Nc4 Qe6 14. b3 Rad8 15.
Be3 Rd3 16. Rac1 Rfd8 17. Qf5 Qxf5 18. exf5 Ng4 19. Bxa7 Bg5 20. Rc2 Rd1 21. Re2
Rxe1+ 22. Rxe1 Ra8 23. Bc5 Rxa2 24. h3 Nf6 25. Nxe5 Bd2 26. Rd1 Bxc3 27. Nxc6
Ne4 28. Be3 Rb2 29. Rd8+ Kh7 30. Rd7 Nd6 31. Rxc7 Rxb3 32. g4 Bf6 33. Kg2 Rc3
34. Bf4 Nb5 35. Rc8 Nd4 36. Na7 Ra3 37. Rc7 Kg8 38. Nc8 Ra2 39. Nd6 Nb3 40. Rc8+
Kh7 41. Nxf7 g5 42. fxg6+ Kxg6 43. Nxh6 Bd4 44. Rc6+ Kg7 45. Nf5+ 1-0

[Event "European Blitz 2015"]
[Site "Minsk BLR"]
[Date "2015.12.18"]
[Round "3.4"]
[White "Babikov, Ivan"]
[Black "Petrosian, Tigran L."]
[Result "0-1"]
[WhiteTitle "FM"]
[BlackTitle "GM"]
[WhiteElo "2301"]
[BlackElo "2625"]
[WhiteFideId "4161106"]
[BlackFideId "13301616"]
[EventDate "2015.12.18"]
[EventType "swiss (blitz)"]

1. e4 d6 2. d4 g6 3. Nf3 Bg7 4. Bc4 Nf6 5. Qe2 O-O 6. O-O c6 7. e5 Nd5 8. Nc3
Be6 9. Nxd5 cxd5 10. Bd3 Bg4 11. Bf4 dxe5 12. Bxe5 Bxe5 13. dxe5 Nc6 14. c3 Bxf3
15. gxf3 e6 16. f4 Qh4 17. Qf3 f6 18. Qg3 Qxg3+ 19. fxg3 fxe5 20. Bb5 exf4 21.
gxf4 Rf6 22. Rf2 Raf8 23. Raf1 a6 24. Bxc6 bxc6 25. Kg2 Rf5 26. h4 R8f6 27. Kg3
Kf7 28. Re1 Ke7 29. Rf3 Kd6 30. b4 h6 31. Ref1 Rf8 32. Kg4 c5 33. a3 c4 34. R1f2
R5f6 35. Rf1 a5 36. b5 a4 37. R1f2 Kc5 38. Rb2 e5 39. b6 Rxf4+ 40. Rxf4 Rxf4+
41. Kg3 Rf8 42. b7 Rb8 43. Kf3 Kc6 44. Rg2 g5 45. hxg5 hxg5 46. Rxg5 Rxb7 47.
Rxe5 Rb3 48. Re6+ Kc5 49. Re3 Rxa3 50. Ke2 Ra2+ 51. Kd1 a3 52. Kc1 Rb2 53. Rh3
Rb3 54. Kc2 Rb2+ 55. Kc1 Kb5 56. Rh8 Rg2 57. Rb8+ Kc5 58. Ra8 a2 59. Ra5+ Kd6
60. Ra4 Ke5 61. Ra8 Ke4 62. Ra3 Kd3 63. Ra5 0-1

[Event "European Blitz 2015"]
[Site "Minsk BLR"]
[Date "2015.12.18"]
[Round "3.5"]
[White "Kovalenko, Igor"]
[Black "Molchanova, Tatjana"]
[Result "1-0"]
[WhiteTitle "GM"]
[BlackTitle "WGM"]
[WhiteElo "2680"]
[BlackElo "2245"]
[WhiteFideId "14117908"]
[BlackFideId "4132203"]
[EventDate "2015.12.18"]
[EventType "swiss (blitz)"]

1. d4 d5 2. c4 c6 3. Nf3 Nf6 4. Nc3 a6 5. g3 Bf5 6. Bg2 e6 7. Ne5 Nbd7 8. O-O
Bb4 9. Qb3 Qa5 10. Nxd7 Nxd7 11. e4 dxe4 12. Nxe4 Bxe4 13. Bxe4 Ra7 14. Rd1 O-O
15. c5 Nf6 16. Bg2 Qb5 17. Bf1 Qa5 18. a3 Be1 19. Be3 1-0

[Event "European Blitz 2015"]
[Site "Minsk BLR"]
[Date "2015.12.18"]
[Round "3.6"]
[White "Chekhova-Kostina, Tatiana M"]
[Black "Melkumyan, Hrant"]
[Result "0-1"]
[WhiteTitle "WIM"]
[BlackTitle "GM"]
[WhiteElo "2246"]
[BlackElo "2654"]
[WhiteFideId "4106377"]
[BlackFideId "13302485"]
[EventDate "2015.12.18"]
[EventType "swiss (blitz)"]

1. d4 Nf6 2. Nc3 d5 3. Bg5 Nbd7 4. Nf3 c6 5. e3 Qb6 6. Qc1 h6 7. Bh4 g5 8. Bg3
Nh5 9. Be5 Nxe5 10. Nxe5 Bg7 11. Be2 Nf6 12. Bd3 Nd7 13. Nxd7 Bxd7 14. Ne2 e5
15. dxe5 Bxe5 16. c3 O-O-O 17. Qc2 Be6 18. O-O-O Kb8 19. Nd4 a5 20. Bf5 Rde8 21.
h4 c5 22. Nxe6 fxe6 23. Bg4 gxh4 24. Rxh4 c4 25. Bf3 Ka7 26. Qg6 Reg8 27. Qc2
Bf6 28. Rh5 Bg5 29. Qd2 Rf8 30. Qd4 Rhg8 31. Qxb6+ Kxb6 32. Kc2 Kc7 33. Rhh1 b5
34. Rhe1 b4 35. e4 Rxf3 36. gxf3 Kd6 37. exd5 exd5 38. Rd4 Bf6 39. Rf4 Bg5 40.
Rg4 Rf8 41. Rd1 Kc5 42. Rgd4 Rf5 43. cxb4+ axb4 44. b3 Bf6 45. R4d2 Bc3 46. Re2
Rxf3 47. bxc4 dxc4 48. Rd8 Bf6 49. Rc8+ Kb5 50. Rb8+ Ka5 51. Ra8+ Kb6 52. Rb8+
Ka5 53. Ra8+ Kb5 54. Rb8+ Kc5 55. Rc8+ Kd5 56. Rd2+ Ke6 57. Rxc4 Bc3 58. Re2+
Kd5 59. Rc8 h5 60. Rd8+ Kc6 61. Rc8+ Kd7 62. Rc4 Kd6 63. Rc8 h4 64. Rc4 h3 65.
Rh4 Bf6 66. Rh5 Rc3+ 67. Kb1 Rf3 68. Rd2+ Ke6 69. Re2+ Kf7 70. Rb5 Kg6 71. Rxb4
h2 72. Re1 Bc3 73. Rh1 Bxb4 74. Rxh2 Kf5 75. Rh5+ Ke6 76. a4 Kd6 77. Rb5 Bc5 78.
a5 Kc6 79. Rb8 Rxf2 80. a6 Bb6 81. Rc8+ Kb5 82. a7 Bxa7 83. Rc2 Rf3 84. Rb2+ Kc4
85. Rc2+ Kd5 86. Rd2+ Bd4 87. Kc2 Kc4 88. Rh2 Rc3+ 89. Kd2 Ra3 90. Rh4 Ra2+ 91.
Ke1 Kd3 92. Kf1 Rf2+ 93. Ke1 Rf8 94. Rh7 Bc3+ 95. Kd1 Rf1# 0-1

[Event "European Blitz 2015"]
[Site "Minsk BLR"]
[Date "2015.12.18"]
[Round "3.7"]
[White "Bortnyk, Olexandr"]
[Black "Reshetnikov, Evgeny"]
[Result "1-0"]
[WhiteTitle "GM"]
[BlackTitle "FM"]
[WhiteElo "2552"]
[BlackElo "2296"]
[WhiteFideId "14120828"]
[BlackFideId "4138210"]
[EventDate "2015.12.18"]
[EventType "swiss (blitz)"]

1. e4 c5 2. c3 d5 3. exd5 Qxd5 4. d4 Nc6 5. Be3 cxd4 6. cxd4 e5 7. Nc3 Bb4 8.
Nf3 Bg4 9. dxe5 Qxd1+ 10. Rxd1 Bxf3 11. gxf3 Nxe5 12. Bb5+ Nc6 13. Rg1 Ne7 14.
Rxg7 Nf5 15. Rg4 Nxe3 16. fxe3 Bc5 17. Re4+ Kf8 18. Rd7 Nd8 19. Nd5 a6 20. Bc4
b5 21. Bb3 Ne6 22. Nc7 Nxc7 23. Rxf7+ 1-0

[Event "European Blitz 2015"]
[Site "Minsk BLR"]
[Date "2015.12.18"]
[Round "3.8"]
[White "Gevorgyan, David Sh."]
[Black "Jobava, Baadur"]
[Result "1/2-1/2"]
[WhiteTitle "IM"]
[BlackTitle "GM"]
[WhiteElo "2356"]
[BlackElo "2673"]
[WhiteFideId "13303244"]
[BlackFideId "13601520"]
[EventDate "2015.12.18"]
[EventType "swiss (blitz)"]

1. d4 e6 2. c4 b6 3. Nc3 Bb7 4. Nf3 Bb4 5. e3 f5 6. Bd3 Nf6 7. Qc2 Be4 8. a3
Bxd3 9. Qxd3 Bxc3+ 10. Qxc3 O-O 11. O-O d6 12. b4 Nbd7 13. Nd2 Qe7 14. Bb2 a5
15. f3 d5 16. b5 a4 17. Rac1 Rfc8 18. Qd3 h6 19. e4 fxe4 20. fxe4 dxe4 21. Nxe4
Rf8 22. Rce1 Rae8 23. Qg3 Nxe4 24. Rxe4 Rxf1+ 25. Kxf1 Nf6 26. Re2 Nh5 27. Qe5
Rf8+ 28. Kg1 Nf4 29. Rf2 Qg5 30. Kf1 Qxe5 31. dxe5 Nd3 32. Rxf8+ Kxf8 33. Bc3
Ke7 34. Ke2 Nf4+ 35. Kf3 Ng6 36. Bb4+ Kd7 37. Ke4 c5 38. bxc6+ Kxc6 39. g3 h5
40. h3 Nh8 41. Bf8 g6 42. Kf4 Nf7 43. Bb4 g5+ 44. Ke4 Nh6 45. Bd2 Nf5 46. Kf3
Kc5 47. Bxg5 Kxc4 48. g4 hxg4+ 49. Kxg4 b5 50. Bd2 Kd5 51. Kf4 Ne7 52. h4 Ng6+
53. Kg5 Nxh4 54. Kxh4 Kxe5 55. Kg3 Ke4 56. Kf2 Kd3 57. Bb4 e5 58. Ke1 Kd4 1/2-1/2

[Event "European Blitz 2015"]
[Site "Minsk BLR"]
[Date "2015.12.18"]
[Round "3.9"]
[White "Alekseev, Evgeny"]
[Black "Kislov, Oleg"]
[Result "0-1"]
[WhiteTitle "GM"]
[BlackTitle "FM"]
[WhiteElo "2642"]
[BlackElo "2241"]
[WhiteFideId "4138147"]
[BlackFideId "13503774"]
[EventDate "2015.12.18"]
[EventType "swiss (blitz)"]

1. e4 e6 2. d4 d5 3. Nc3 Nf6 4. e5 Nfd7 5. f4 c5 6. Nf3 Nc6 7. Be3 a6 8. Qd2 b5
9. a3 c4 10. f5 Nb6 11. fxe6 Bxe6 12. Be2 Be7 13. O-O h6 14. Rf2 Qd7 15. Rff1
O-O-O 16. Nd1 Kb7 17. Bf2 f5 18. exf6 Bxf6 19. c3 g5 20. Bg3 Qg7 21. Ne3 h5 22.
h4 g4 23. Nh2 Qe7 24. Qe1 Nxd4 25. cxd4 Bxd4 26. Bf4 Rhf8 27. Bg5 Qc5 28. Qg3
Rde8 29. Rxf8 Rxf8 30. Rd1 Bxb2 31. Kh1 d4 32. Nhf1 dxe3 33. Nxe3 Nd5 34. Nc2
Nc3 35. Re1 Nxe2 36. Qh2 g3 0-1

[Event "European Blitz 2015"]
[Site "Minsk BLR"]
[Date "2015.12.18"]
[Round "3.10"]
[White "Pastukhov, Igor"]
[Black "Ponkratov, Pavel"]
[Result "0-1"]
[BlackTitle "GM"]
[WhiteElo "2230"]
[BlackElo "2604"]
[WhiteFideId "14104504"]
[BlackFideId "4157800"]
[EventDate "2015.12.18"]
[EventType "swiss (blitz)"]

1. e4 g6 2. d4 Bg7 3. Nc3 d5 4. exd5 Nf6 5. Bb5+ Nbd7 6. Nf3 O-O 7. O-O Nb6 8.
h3 Nbxd5 9. Nxd5 Nxd5 10. c3 Bf5 11. Re1 c6 12. Bd3 Bxd3 13. Qxd3 Qc7 14. Bg5
Rfe8 15. Qd2 c5 16. Rad1 cxd4 17. Nxd4 e6 18. c4 Qxc4 19. b3 Qc3 20. Nb5 Qxd2
21. Rxd2 h6 22. Bh4 a6 23. Nd6 Bc3 24. Nxe8 Bxd2 25. Rd1 Rxe8 26. Rxd2 Rc8 27.
Bg3 Kf8 28. Be5 Ke7 29. g4 f6 30. Bd4 h5 31. Kg2 h4 32. Be3 g5 33. Kf3 Rc3 34.
Ke2 Rc6 35. Kf3 Kd6 36. Ke2 e5 37. f3 Ke6 38. Kf2 Rc3 39. Re2 Nxe3 40. Rxe3 Rxe3
41. Kxe3 f5 42. Kd3 e4+ 43. Ke3 exf3 44. gxf5+ Ke5 45. b4 0-1

[Event "European Blitz 2015"]
[Site "Minsk BLR"]
[Date "2015.12.18"]
[Round "3.11"]
[White "Guseinov, Gadir"]
[Black "Sotsky, Alexander"]
[Result "1-0"]
[WhiteTitle "GM"]
[BlackTitle "IM"]
[WhiteElo "2646"]
[BlackElo "2363"]
[WhiteFideId "13401378"]
[BlackFideId "4130715"]
[EventDate "2015.12.18"]
[EventType "swiss (blitz)"]

1. e4 e6 2. d4 d5 3. Nd2 dxe4 4. Nxe4 Bd7 5. Nf3 Bc6 6. Bd3 Bxe4 7. Bxe4 c6 8.
O-O Nf6 9. Bd3 Bd6 10. c4 Nbd7 11. b3 Qc7 12. Bb2 O-O 13. Qe2 Rfe8 14. Ne5 a5
15. a3 Rad8 16. Rad1 Bf8 17. Bb1 g6 18. f4 Bg7 19. Kh1 Rb8 20. Qf3 Rec8 21. Rfe1
b5 22. Bc3 b4 23. axb4 axb4 24. Bb2 Rf8 25. Nxc6 Ra8 26. Ne5 Rfd8 27. d5 exd5
28. cxd5 Nb6 29. d6 Rxd6 30. Rxd6 Qxd6 31. Nc4 Qb8 1-0

[Event "European Blitz 2015"]
[Site "Minsk BLR"]
[Date "2015.12.18"]
[Round "3.12"]
[White "Pletnev, Evgeniy"]
[Black "Zubov, Alexander"]
[Result "0-1"]
[BlackTitle "GM"]
[WhiteElo "2235"]
[BlackElo "2601"]
[WhiteFideId "24104140"]
[BlackFideId "14109409"]
[EventDate "2015.12.18"]
[EventType "swiss (blitz)"]

1. f4 g6 2. Nf3 Bg7 3. g3 c5 4. Bg2 Nc6 5. O-O Nf6 6. d3 d6 7. e4 Rb8 8. a4 O-O
9. Nc3 a6 10. h3 b5 11. axb5 axb5 12. g4 b4 13. Ne2 Bb7 14. f5 Ra8 15. Rxa8 Qxa8
16. Nf4 Ne5 17. Nxe5 dxe5 18. Ne2 c4 19. Ng3 Rd8 20. g5 Ne8 21. Qf3 Nd6 22. dxc4
Qa2 23. c5 Nb5 24. b3 Nd4 25. Qd3 Ba6 26. c4 bxc3 27. Qxc3 Bxf1 28. Bxf1 Qxb3
29. Qxb3 Nxb3 30. fxg6 Nxc1 31. gxf7+ Kxf7 32. Bc4+ Kg6 33. Nf5 Bf8 34. Be6 Ne2+
35. Kf2 Nf4 36. Bc4 Rc8 0-1

[Event "European Blitz 2015"]
[Site "Minsk BLR"]
[Date "2015.12.18"]
[Round "3.13"]
[White "Bocharov, Dmitry"]
[Black "Shaydullina, Sandugach"]
[Result "1/2-1/2"]
[WhiteTitle "GM"]
[BlackTitle "WGM"]
[WhiteElo "2558"]
[BlackElo "2134"]
[WhiteFideId "4138716"]
[BlackFideId "4140389"]
[EventDate "2015.12.18"]
[EventType "swiss (blitz)"]

1. Nf3 d5 2. g3 Nf6 3. Bg2 c6 4. O-O Bf5 5. c4 e6 6. cxd5 exd5 7. d3 h6 8. Nc3
Be7 9. Qb3 Qc8 10. e4 Be6 11. Nd4 O-O 12. Re1 Bc5 13. Be3 Na6 14. exd5 Bxd5 15.
Nxd5 cxd5 16. Rac1 Qd7 17. h3 Rac8 18. a3 Bb6 19. Qb5 Qxb5 20. Nxb5 Nc5 21. Red1
Na4 22. Bxb6 axb6 23. b4 Nb2 24. Rxc8 Rxc8 25. Rd2 Rc1+ 26. Kh2 Na4 27. Nd6 Ra1
28. Nb5 g5 29. Rc2 Rd1 30. d4 Ne4 31. Bxe4 dxe4 32. g4 Rd3 33. Kg2 e3 34. fxe3
Rxe3 35. d5 Rd3 36. d6 Kg7 37. Rc7 Rd5 38. d7 Kf6 39. Rxb7 Ke7 40. Ra7 Nb2 41.
Nc7 Rd2+ 42. Kf3 Nc4 43. a4 Ne5+ 44. Ke4 Nxd7 45. Nd5+ Kd6 46. Ne3 Re2 47. a5
Nf6+ 48. Kd3 Rh2 49. axb6 Rxh3 50. Ke2 Nd7 51. b7 Rh2+ 52. Kd3 Ne5+ 53. Ke4 Nd7
54. Ra8 Kc7 55. Re8 Kxb7 56. Re7 Kc8 57. Rxf7 Rb2 58. Nd5 Re2+ 59. Kd4 Rg2 60.
Kc4 Rxg4+ 61. Kb5 Ne5 62. Re7 Nd7 63. Kc6 Nb8+ 64. Kd6 Na6 65. b5 Nb4 66. Nb6+
Kb8 67. Rh7 Rh4 68. Nd7+ Kb7 69. Ne5+ Kb6 70. Rh8 Kxb5 71. Nf7 g4 72. Nxh6 g3
73. Rb8+ Ka4 74. Nf5 Rg4 75. Nxg3 Rxg3 76. Kd7 Rd3+ 77. Ke6 Nc6 78. Rb1 Nb4 79.
Ke5 Kb5 80. Ke4 Rd8 81. Ke5 Kc5 82. Rc1+ Kb6 83. Rb1 Re8+ 84. Kd6 Kb5 85. Rh1
Rd8+ 86. Ke6 Nc6 87. Rb1+ Kc5 88. Rc1+ Kb6 89. Rb1+ Kc7 90. Rc1 Rd6+ 91. Kf5 Kd7
92. Kf4 Rd5 93. Ke4 Kd6 94. Kf4 Nd4 95. Ke4 Nb3 96. Rh1 Nc5+ 97. Ke3 Rd3+ 98.
Ke2 Ra3 99. Rh5 Ne6 100. Rh8 Ke5 101. Re8 Kd5 102. Kd2 Nd4 103. Rd8+ Kc4 104.
Rc8+ Kd5 105. Rd8+ Ke5 106. Re8+ Ne6 107. Kc2 Kd5 108. Kd2 Nc5 109. Rd8+ Kc4
110. Rh8 Ne4+ 111. Ke2 Kd4 112. Rd8+ Ke5 113. Re8+ Kf5 114. Rf8+ Nf6 115. Rb8
Kf4 116. Rb4+ Ne4 117. Rb8 Re3+ 118. Kd1 Rh3 119. Ke2 Rh2+ 120. Kd3 Rd2+ 121.
Kc4 Rc2+ 122. Kd4 Nf6 123. Kd3 Rc1 124. Rf8 Ke5 125. Kd2 Ra1 126. Rb8 Ne4+ 127.
Kc2 Kd4 128. Rd8+ Kc4 129. Rc8+ Nc5 130. Kb2 Rh1 131. Rg8 Rh2+ 132. Ka3 Kc3 133.
Rg3+ Nd3 134. Rg8 Rh5 135. Rc8+ Nc5 136. Rc7 Kc4 137. Kb2 Rh2+ 138. Kb1 Kb4 139.
Rc8 Na4 140. Kc1 Nc3 141. Rb8+ Nb5 142. Kd1 Kc4 143. Ke1 Nd4 144. Ra8 Kd3 145.
Ra3+ Ke4 146. Kf1 Nf3 147. Ra4+ Ke3 148. Ra3+ Kf4 149. Ra8 Ng5 150. Ra4+ Kg3
151. Ke1 Nf3+ 152. Kd1 Rd2+ 153. Kc1 Re2 154. Ra8 Kf2 155. Rf8 Kg3 156. Rg8+ Kf4
157. Rf8+ Ke4 158. Re8+ Ne5 159. Kb1 Kd4 1/2-1/2